| 000 | 00426nam a2200121 4500 | ||
|---|---|---|---|
| 005 | 20260209120853.0 | ||
| 008 | 260209b |||||||| |||| 00| 0 eng d | ||
| 022 | _a2454-5694 | ||
| 245 |
_aJournal of kolkata socitey for asian studies _bAn international bilingual journal of social science _cedited by Ranjan Ray |
||
| 260 |
_akolkata _bKolkata Society for Asian Studies _c2025 |
||
| 300 | _aVol.11.NO.02 | ||
| 942 |
_2ddc _cSR _m KOL |
||
| 999 |
_c214743 _d214743 |
||